<?xml version="1.0" encoding="UTF-8"?>
<record
    xmlns:xsi="http://www.w3.org/2001/XMLSchema-instance"
    xsi:schemaLocation="http://www.loc.gov/MARC21/slim http://www.loc.gov/standards/marcxml/schema/MARC21slim.xsd"
    xmlns="http://www.loc.gov/MARC21/slim">

  <leader>     nam a22     7a 4500</leader>
  <datafield tag="999" ind1=" " ind2=" ">
    <subfield code="c">17648</subfield>
    <subfield code="d">17648</subfield>
  </datafield>
  <controlfield tag="008">161128b        xxu||||| |||| 00| 0 eng d</controlfield>
  <datafield tag="050" ind1=" " ind2=" ">
    <subfield code="a">PR 2976 .T73 1969</subfield>
  </datafield>
  <datafield tag="100" ind1=" " ind2=" ">
    <subfield code="a">Traversi,D.A</subfield>
    <subfield code="d">1969</subfield>
  </datafield>
  <datafield tag="245" ind1=" " ind2=" ">
    <subfield code="a">An approach to shakespeare.</subfield>
    <subfield code="c">D.A.Traversi</subfield>
  </datafield>
  <datafield tag="260" ind1=" " ind2=" ">
    <subfield code="a">NY:</subfield>
    <subfield code="b">Anchor books,</subfield>
    <subfield code="c">1969.</subfield>
  </datafield>
  <datafield tag="300" ind1=" " ind2=" ">
    <subfield code="a">xxiv,376p.:ill</subfield>
  </datafield>
  <datafield tag="942" ind1=" " ind2=" ">
    <subfield code="2">lcc</subfield>
    <subfield code="c">BOOKS</subfield>
    <subfield code="h">PR 2976 .T73 1969</subfield>
  </datafield>
  <datafield tag="952" ind1=" " ind2=" ">
    <subfield code="0">0</subfield>
    <subfield code="1">0</subfield>
    <subfield code="2">lcc</subfield>
    <subfield code="4">0</subfield>
    <subfield code="7">0</subfield>
    <subfield code="a">MUC</subfield>
    <subfield code="b">MUC</subfield>
    <subfield code="c">GEN</subfield>
    <subfield code="d">2016-11-28</subfield>
    <subfield code="e">Donation(B.F.A)</subfield>
    <subfield code="l">1</subfield>
    <subfield code="o">PR 2976 .T73 1969</subfield>
    <subfield code="p">28907</subfield>
    <subfield code="r">2022-10-04</subfield>
    <subfield code="s">2022-09-22</subfield>
    <subfield code="w">2016-11-28</subfield>
    <subfield code="y">BOOKS</subfield>
  </datafield>
</record>
